Statistiques concernant Argentine ou Brésil

Cliquez ici pour prendre le quiz!

Statistiques générales

  • Ce quiz a été pris 231 fois
  • Le résultat moyen est 7 sur 10

Statistiques - réponses

QuestionRéponse% Correct
Celui étant le seul de l'Amérique du Sud à parler portugaisBrésil
97%
Celui étant le plus peupléBrésil
95%
Celui ayant la plus grande villeBrésil
88%
Celui étant le plus proche de l'AustralieArgentine
87%
Celui ayant gagné le plus de matchs de soccer l'un contre l'autreBrésil
81%
Celui ayant la plus grande capitaleArgentine
71%
Celui ayant le plus bas taux de chômageArgentine
69%
Celui étant le plus proche de la RussieBrésil
69%
Celui étant le plus vieuxArgentine
40%
Celui ayant marqué le plus de buts lors de leurs matchs de soccer l'un contre l'autreArgentine
32%

Distribution des résultats

Percentile par nombre de réponses

% des personnes avec chaque résultat

Votre développement - résultats

Vous n’avez pas pris ce quiz